ბათუმის შოთა რუსთაველის სახელმწიფო უნივერსიტეტის ბიბლიოთეკა

კორუფცია საქართველოში : (ბიბ.ჩანაწერი № 37674)

000 -ლიდერი
ფიქსირებული სიგრძის საკონტროლო ველი 01861nam a2200277Ia 4500
001 - საკონტროლო ნომერი
საკონტროლო ველი 3646
003 - საკონტროლო ნომრის იდენტიფიკატორი
საკონტროლო ველი GE_BSU
005 - ბოლო ოპერაციის თარიღი და დრო
საკონტროლო ველი 20190625151708.0
008 - ფიქსირებული სიგრძის მონაცემთა ელემენტები - ზოგადი ინფორმაცია
ფიქსირებული სიგრძის საკონტროლო ველი 181216s2011||||ge |||||||||||||| ||geo||
020 ## - წიგნის საერთაშორისო სტანდარტული ნომერი
International Standard Book Number 9789941012709
040 ## - კატალოგიზაციის წყარო
Transcribing agency GE_BSU
041 ## - ენის კოდი
Language code of text/sound track or separate title geo
080 ## - უნივერსალური ათობითი კლასიფიკაციის ინდექსი
Universal Decimal Classification number 343.353(479.22)+328.185(479.22) კ–77
245 ## - ცნობა სათაურის შესახებ
Title კორუფცია საქართველოში :
Remainder of title კრიმინოლოგიური ანალიზი და სასამართლო პრაქტიკის კომენტარი /
Statement of responsibility, etc ავტ.: გიორგი ღლონტი, ირაკლი ლაგვილავა, ზაზა მარუაშვილი [და სხვ.] ; სარედ. კოლ.: მანანა მოსულიშვილი [და სხვ.]] ; თსუ-ს თინათინ წერეთლის სახელმწიფოსა და სამართლის ინ-ტი.
264 ## - წარმოების, გამოცემის, დისტრიბუციის და სხვა ცნობები
გამოცემის, წარმოების, დისტრიბუციის... ადგილი თბილისი,
გამოცემის, წარმოების, დისტრიბუციის... თარიღი 2011.
300 ## - ფიზიკური აღწერა
Extent 399 გვ.;
Other physical details 29 სმ.
504 ## - BIBLIOGRAPHY, ETC. NOTE
Bibliography, etc ბიბლიოგრ. ტექსტ. შენიშვნ. და გვ. 349-399.
653 ## - INDEX TERM--UNCONTROLLED
Uncontrolled term კორუფცია საქართველოში
700 ## - ADDED ENTRY--PERSONAL NAME
Personal name ღლონტი, გიორგი
9 (RLIN) 2882
700 ## - ADDED ENTRY--PERSONAL NAME
Personal name ლაგვილავა, ირაკლი
9 (RLIN) 2883
700 ## - ADDED ENTRY--PERSONAL NAME
Personal name მარუაშვილი, ზაზა და სხვ.
9 (RLIN) 2884
700 ## - ADDED ENTRY--PERSONAL NAME
Personal name მოსულიშვილი, მანანა
Relator term რედაქტორი
9 (RLIN) 2885
700 ## - ADDED ENTRY--PERSONAL NAME
Personal name თოდრია, გიორგი და სხვ.
Relator term რედაქტორი
9 (RLIN) 2886
710 ## - ADDED ENTRY--CORPORATE NAME
Corporate name or jurisdiction name as entry element თსუ-ს თინათინ წერეთლის სახელმწიფოსა და სამართლის ინ-ტი.
9 (RLIN) 2887
942 ## - ADDED ENTRY ELEMENTS (KOHA)
Koha item type წიგნი
Source of classification or shelving scheme
ეგზემპლარები
ჩამოწერის სტატუსი დაკარგული ეგზემპლარის სტატუსი კლასიფიკაციის წყარო ან თაროზე გაწყობის სქემა დაზიანების სტატუსი არ გაიცემა მუდმივი მდებარეობა (დაცვის ადგილი) ამჟამინდელი ადგილსამყოფელი თაროზე განთავსების ადგილი შეძენის თარიღი სრული შენახვის შიფრი შტრიხკოდი ბოლო ოპერაციის თარიღი ეგზემპლარის მიმდევრობითი ნომერი (კეტერი?) ფასის ძალაში შესვლის თარიღი ეგზემპლარის სახეობა საჯარო შენიშვნა
          ბათუმის შოთა რუსთაველის სახელმწიფო უნივერსიტეტის მთავარი ბიბლიოთეკა ბათუმის შოთა რუსთაველის სახელმწიფო უნივერსიტეტის მთავარი ბიბლიოთეკა წიგნსაცავი 2018-12-17 343.353(479.22)+328.185(479.22) კ–77 5150 2018-12-17 5150 2018-12-17 წიგნი
          ბათუმის შოთა რუსთაველის სახელმწიფო უნივერსიტეტის მთავარი ბიბლიოთეკა ბათუმის შოთა რუსთაველის სახელმწიფო უნივერსიტეტის მთავარი ბიბლიოთეკა წიგნსაცავი 2018-12-17 343.353(479.22)+328.185(479.22) კ–77 5151 2018-12-17 5151 2018-12-17 წიგნი
          ბათუმის შოთა რუსთაველის სახელმწიფო უნივერსიტეტის მთავარი ბიბლიოთეკა ბათუმის შოთა რუსთაველის სახელმწიფო უნივერსიტეტის მთავარი ბიბლიოთეკა წიგნსაცავი 2018-12-17 343.353(479.22)+328.185(479.22) კ–77 5152 2018-12-17 5152 2018-12-17 წიგნი